Reconstructing subjects : a philosophical critique of psychotherapy /
This work is about the deceptive nature of psychotherapy. In particular, it is about those therapies that claim to provide the client with insight and self-knowledge when in practice they are a means of social control absorbing clients into socially acceptable norms. Through a philosophical analysis...
المؤلف الرئيسي:
التنسيق: كتاب الكتروني
اللغة: English
منشور في:
Amsterdam ; New York :
Rodopi,
2011.
سلاسل:
Value Inquiry Book Series
235.
Rodopi Religion, Theology and Philosophy Special E-Book Collection, 2007-2014, ISBN: 9789004357938.
الموضوعات:
الوصول للمادة أونلاين: Login to view Source
الوسوم: إضافة وسم
رقم الطلب: RC437.5 .S46 2011
| LEADER | 03991cam a2200517Ii 4500 | ||
|---|---|---|---|
| 001 | BRILL9789401206914 | ||
| 003 | nllekb | ||
| 005 | 20210602103911.0 | ||
| 006 | m d | ||
| 007 | cr un uuuua | ||
| 008 | 120223s2011 ne sb 001 0 eng d | ||
| 010 | |a 2011294381 | ||
| 020 | |a 9789401206914 |q (electronic book) | ||
| 020 | |z 9789042034044 |q (print) | ||
| 024 | 7 | |a 10.1163/9789401206914 |2 DOI | |
| 035 | |a (OCoLC)769469604 |z (OCoLC)764302550 | ||
| 040 | |a NL-LeKB |c NL-LeKB |e rda | ||
| 050 | 4 | |a RC437.5 |b .S46 2011 | |
| 072 | 7 | |a HP |2 bicssc | |
| 072 | 7 | |a PHI000000 |2 bisacsh | |
| 082 | 0 | 4 | |a 616.8914 |2 23 |
| 100 | 1 | |a Shawi, Hakam H. Al- | |
| 245 | 1 | 0 | |a Reconstructing subjects : |b a philosophical critique of psychotherapy / |c Hakam H. Al-Shawi. |
| 264 | 1 | |a Amsterdam ; |a New York : |b Rodopi, |c 2011. | |
| 300 | |a 1 online resource (137 pages) | ||
| 336 | |a text |b txt |2 rdacontent | ||
| 337 | |a computer |b c |2 rdamedia | ||
| 338 | |a online resource |2 rdacarrier | ||
| 490 | 1 | |a Value inquiry book series ; |v v. 235. Philosophy and psychology | |
| 504 | |a Includes bibliographical references (p. 125-131) and index. | ||
| 505 | 0 | 0 | |a Preliminary Material -- INTRODUCTION -- THE ISSUE -- INSIGHT AND SELF-KNOWLEDGE -- RECONSTRUCTION AND ABSORPTION -- EPISTEMOLOGICAL ISSUES -- METAPHYSICAL ISSUES -- ETHICAL CONSIDERATIONS -- CONCLUSION -- WORKS CITED -- ABOUT THE AUTHOR -- INDEX -- VIBS. |
| 506 | |a Available to subscribing member institutions only. | ||
| 520 | |a This work is about the deceptive nature of psychotherapy. In particular, it is about those therapies that claim to provide the client with insight and self-knowledge when in practice they are a means of social control absorbing clients into socially acceptable norms. Through a philosophical analysis of key concepts such as knowledge, insight, and subjectivity, and through an examination of mechanisms intrinsic to psychotherapeutic practice, such as power, interpretation, and suggestion, this monograph unveils how psychotherapy deludes clients into believing they have discovered their true self. Rather than gaining self-knowledge and insight into their true or core self, clients are subtly reconstructed and reconfigured along prevailing social values. Furthermore, the very epistemological and metaphysical world-view clients are deceived into believing is highly suspect and founded upon a fascistic understanding of knowledge. As an alternative to such domination, psychotherapy needs to reconstruct itself along Nietzschean-Deleuzian lines where the focus is on multiple identities, difference, and creativity. Rather than focusing on an analysis of past memories to alleviate symptoms such as anxiety or depression, therapeutic intervention should aim for a non-repressive conception of self-knowledge and insight based upon a creative future and not a regretful past. This entails a different understanding of knowledge and reality that is not based on subjugating the world to what we know about it, but on immersing ourselves within reality in all of its concrete richness. And such an approach is preferable not because it is "true" but because it is more liberating. | ||
| 650 | 0 | |a Psychotherapy |x Philosophy. | |
| 650 | 0 | |a Psychotherapy |x Moral and ethical aspects. | |
| 650 | 0 | |a Psychology and philosophy. | |
| 650 | 7 | |a Psychology and philosophy. |2 fast | |
| 650 | 7 | |a Psychotherapy |x Moral and ethical aspects. |2 fast | |
| 650 | 7 | |a Psychotherapy |x Philosophy. |2 fast | |
| 776 | 0 | 8 | |i Print version: |t Reconstructing Subjects: A Philosophical Critique of Psychotherapy |d Leiden, Boston : Brill | Rodopi, 2011, |z 9789042034044 |
| 830 | 0 | |a Value Inquiry Book Series |v 235. | |
| 830 | 0 | |a Rodopi Religion, Theology and Philosophy Special E-Book Collection, 2007-2014, ISBN: 9789004357938. | |
| 856 | 4 | |z DOI: |u http://dx.doi.org/10.1163/9789401206914 | |
| 942 | |c EBOOK | ||
| 952 | |0 0 |1 0 |4 0 |7 1 |9 15547 |a BRILL |b BRILL |d 2021-06-02 |l 0 |r 2021-06-02 00:00:00 |w 2021-06-02 |y EBOOK | ||
| 999 | |c 36994 |d 36994 | ||
